Sociology (Record no. 1416)

000 -LEADER
fixed length control field 00505nam a22002057a 4500
001 - CONTROL NUMBER
control field 1416
003 - CONTROL NUMBER IDENTIFIER
control field BD-DhUET
008 - FIXED-LENGTH DATA ELEMENTS--GENERAL INFORMATION
fixed length control field 140907b xxu||||| |||| 00| 0 eng d
020 ## - INTERNATIONAL STANDARD BOOK NUMBER
International Standard Book Number 9780073125817
040 ## - CATALOGING SOURCE
Transcribing agency 0
Modifying agency BD-DhUET
082 ## - DEWEY DECIMAL CLASSIFICATION NUMBER
Classification number 301
Item number SCH/2007
100 ## - MAIN ENTRY--PERSONAL NAME
Personal name Schaefer, Richard T.
245 ## - TITLE STATEMENT
Title Sociology
Statement of responsibility, etc. by Richard T. Schaefer
250 ## - EDITION STATEMENT
Edition statement 10th ed.
260 ## - PUBLICATION, DISTRIBUTION, ETC. (IMPRINT)
Place of publication, distribution, etc. New York:
Name of publisher, distributor, etc. McGraw-Hill,
Date of publication, distribution, etc. 2007.
300 ## - PHYSICAL DESCRIPTION
Extent xxxiv,542p.
504 ## - BIBLIOGRAPHY, ETC. NOTE
Bibliography, etc Includes bibliographies
650 #0 - SUBJECT ADDED ENTRY--TOPICAL TERM
Topical term or geographic name as entry element Sociology
942 ## - ADDED ENTRY ELEMENTS (KOHA)
Koha item type General Book
Holdings
Shelving location Koha date last seen Price effective from Koha issues (times borrowed) Lost status Piece designation (barcode) Date acquired Koha date last borrowed Location (home branch) Damaged status Sublocation or collection (holding branch) Copy number Koha item type Withdrawn status Source of classification or shelving scheme Koha normalized classification for sorting Koha full call number Not for loan
Circulation section2026-01-182014-09-076 1033792014-09-072023-06-18Central Library, BUET Central Library, BUET1General Book  301SCH2007301/SCH/2007 
Circulation section2023-11-182014-09-076 1033772014-09-072023-06-06Central Library, BUET Central Library, BUET2General Book  301SCH2007301/SCH/2007 
Circulation section2024-06-032014-09-079 1033782014-09-072024-05-26Central Library, BUET Central Library, BUET3General Book  301SCH2007301/SCH/2007